Statistics for Battlecruisers of the Royal Navy

Click here to take the quiz!

General Stats

  • This quiz has been taken 147 times
  • The average score is 11 of 15

Answer Stats

HintAnswer% Correct
Invincible ClassHMS Invincible
97%
Lion ClassHMS Lion
97%
Renown ClassHMS Renown
97%
Courageous ClassHMS Courageous
96%
Indefatigable ClassHMS Indefatigable
95%
Admiral ClassHMS Hood
91%
Renown ClassHMS Repulse
86%
HMS Tiger
76%
Courageous ClassHMS Glorious
71%
HMS Queen Mary
68%
Courageous ClassHMS Furious
57%
Invincible ClassHMS Inflexible
54%
Invincible ClassHMS Indomitable
53%
Lion ClassHMS Princess Royal
46%
Indefatigable ClassHMS New Zealand
39%

Score Distribution

Percentile by Number Answered

Percent of People with Each Score

Your Score History

You have not taken this quiz